Modern Family Middle Names - Statistics

General Stats
  • This quiz has been taken 78 times
  • The average score is 6 of 15
Answer Stats
Hint Answer % Correct
Haley ________ Dunphy Gwendolyn
66%
Luke ________ Dunphy Philip
61%
Phil ________ Dunphy Humphrey
59%
Cameron ________ Tucker Scott
54%
Gloria ________ Pritchett Maria
46%
Manny ________ Delgado Alberto/Javier/Alejandro/Ramirez
44%
Mitchell ________ Pritchett Vincent
44%
Alex ________ Dunphy Anastasia
43%
Jay ________ Pritchett Francis
43%
Dylan ________ Marshall Stardust
36%
Lily ________ Tucker-Pritchett Elizabeth
33%
Joe ________ Pritchett Joseph
30%
Claire ________ Dunphy Melinda
30%
Frank ________ Dunphy Bernard
8%
Javier ________ Delgado Hectoro
8%
No matching quizzes found
Score Distribution
Percent of People with Each Score
Percentile by Number Answered
Your Score History
You have not taken this quiz